000 00666nam a2200217 a 4500
001 000025136
005 20200930023600.0
008 110208s1968 ve r 000 | spa d
040 _aDO-SdBNP
_bspa
_cBNPHU
082 _axxx
_bC617P
100 1 _aPicón Salas, Mariano
_927923
245 1 0 _aPedro Claver, el santo de los esclavos /
_cMariano Picón Salas; ilustración Mariano Díaz.
260 _aCaracas :
_bMonte Avila,
_c1968.
300 _a204 p. ;
_c22 cm.
490 1 _aBiblioteca Popular
490 _aEl Dorado
_v25
700 1 _aDíaz, Mariano,
_eil.
_919298
830 3 _aEl Dorado ,
_v25
_929127
830 0 _aBiblioteca Popular
_95517
049 _aBNGR
999 _c24629
_d24629